RPG the government can't let go (Record no. 70698)

MARC details
000 -LEADER
fixed length control field 00969cam a2200229 4500
001 - CONTROL NUMBER
control field ABS65646
008 - FIXED-LENGTH DATA ELEMENTS--GENERAL INFORMATION
fixed length control field 020710n2002 000 0 eng u
035 ## - SYSTEM CONTROL NUMBER
System control number (Sirsi) u118758
100 ## - MAIN ENTRY--PERSONAL NAME
Personal name Lock, D.
245 ## - TITLE STATEMENT
Title RPG the government can't let go
260 ## - PUBLICATION, DISTRIBUTION, ETC.
Date of publication, distribution, etc. 2002
490 ## - SERIES STATEMENT
Series statement Town & Country Planning
Volume/sequential designation 71(6) June 2002, 155(1)
520 ## - SUMMARY, ETC.
Summary, etc. Serious problems have arisen in many regions after the constant meddling and redrafting by regional government offices on the reports of Regional Planning Guidance Councils. In so doing the government has given the green light to local political vested interests to destabilise RPG. Philis Vicary argues for the need for elected regional planning bodies free of government interference.
590 ## - LOCAL NOTE (RLIN)
Local note ABS
650 ## - SUBJECT ADDED ENTRY--TOPICAL TERM
Topical term or geographic name entry element REGIONAL PLANNING ASSEMBLIES
650 ## - SUBJECT ADDED ENTRY--TOPICAL TERM
Topical term or geographic name entry element RPG
650 ## - SUBJECT ADDED ENTRY--TOPICAL TERM
Topical term or geographic name entry element STRATEGIC PLANNING
650 ## - SUBJECT ADDED ENTRY--TOPICAL TERM
Topical term or geographic name entry element PUBLIC CONSULTATIONS
650 ## - SUBJECT ADDED ENTRY--TOPICAL TERM
Topical term or geographic name entry element REGIONS
690 ## - LOCAL SUBJECT ADDED ENTRY--TOPICAL TERM (OCLC, RLIN)
Topical term or geographic name as entry element Planning and development
9 (RLIN) 6259
942 ## - ADDED ENTRY ELEMENTS (KOHA)
Suppress in OPAC 0
Holdings
Withdrawn status Lost status Source of classification or shelving scheme Damaged status Not for loan Home library Current library Shelving location Date acquired Total Checkouts Full call number Barcode Date last seen Copy number Price effective from Koha item type
    Dewey Decimal Classification     London London Journal article 10/07/2002   ABS65646 118758-1001 06/08/2019 1 06/08/2019 Journal article